Films avec Maurice Biraud en images - Statistiques

Statistiques générales
  • Ce quiz a été pris 12 fois
  • Le résultat moyen est 7 sur 16
Statistiques - réponses
Par images Réponse % Correct
L'Oeil du monocle
83%
Un Taxi pour Tobrouk
83%
Le cave se rebiffe
75%
Mélodie en sous-sol
58%
Des pissenlits par la racine
42%
Flic Story
42%
La Grande sauterelle
42%
Fleur d'oseille
33%
Gloria
33%
Le Gitan
33%
Le Septième Juré
33%
Poisson d'avril
33%
Un dimanche de flic
33%
La Métamorphose des cloportes
25%
Le train
25%
Une souris chez les hommes
17%
Aucun quiz correspondant
Distribution des résultats
% des personnes avec chaque résultat
Percentile par nombre de réponses
Votre historique - résultats
Vous n’avez pas pris ce quiz